000 00580nam a2200193 a 4500
005 20140310183350.0
008 070618s19uu xx 00 eng d
020 _a1920744398
050 _aNC 997
_b.G475 2003
100 _aGill, Bob
245 _aGraphic design as a Second Language /
_cBob Gill
260 _aAustralia :
_bThe Images Publishing Group,
_c2003.
300 _a128 p. :
_bill. col. ;
_c22 cm.
521 _aMA
650 _aCommercial art
_xHistory
_x20th century.
650 _aGra[phic arts
_xHistory
_x20th century.
942 _cBK
_2lcc
_kFOR
999 _c22052
_d22052